Sensors based on nanostructured materials / (Record no. 11960)

MARC details
000 -LEADER
fixed length control field 00911nam a22002535a 4500
001 - CONTROL NUMBER
control field 15285048
005 - DATE AND TIME OF LATEST TRANSACTION
control field 20080502080025.0
008 - FIXED-LENGTH DATA ELEMENTS--GENERAL INFORMATION
fixed length control field 080502s2008 nyu 000 0 eng
010 ## - LIBRARY OF CONGRESS CONTROL NUMBER
LC control number 2008928442
020 ## - INTERNATIONAL STANDARD BOOK NUMBER
International Standard Book Number 9780387777528 (hardcover : alk. paper)
020 ## - INTERNATIONAL STANDARD BOOK NUMBER
International Standard Book Number 9780387777535 (ebook : alk. paper)
040 ## - CATALOGING SOURCE
Original cataloging agency DLC
Transcribing agency DLC
082 ## - DEWEY DECIMAL CLASSIFICATION NUMBER
Edition number 22
Classification number 620.5
Item number SEN
245 00 - TITLE STATEMENT
Title Sensors based on nanostructured materials /
Statement of responsibility, etc Editor Francisco J. Arregui.
260 ## - PUBLICATION, DISTRIBUTION, ETC. (IMPRINT)
Place of publication, distribution, etc New York :
Name of publisher, distributor, etc Springer,
Date of publication, distribution, etc c2009.
263 ## - PROJECTED PUBLICATION DATE
Projected publication date 0809
300 ## - PHYSICAL DESCRIPTION
Extent ix, 326 p.:
Other physical details ill.;
Dimensions 24 cm.
504 ## - BIBLIOGRAPHY, ETC. NOTE
Bibliography, etc Includes bibliographical references and index.
650 #0 - SUBJECT ADDED ENTRY--TOPICAL TERM
Topical term or geographic name as entry element Nanostructured materials.
9 (RLIN) 6685
700 1# - ADDED ENTRY--PERSONAL NAME
Personal name Arregui, Francisco J.
9 (RLIN) 6686
942 ## - ADDED ENTRY ELEMENTS (KOHA)
Source of classification or shelving scheme Dewey Decimal Classification
Item type Book - Borrowing
Holdings
Withdrawn status Item status Source of classification or shelving scheme Damaged status Not for loan Vendor Home library Current library Shelving location Date acquired Source of acquisition Cost, normal purchase price Serial Enumeration / chronology Total Checkouts Total Renewals Full call number Barcode Date last seen Date last borrowed Koha item type
    Dewey Decimal Classification     Alahram Central Library Central Library First floor 23/06/2009   720.00 363 1 1 620.5 SEN 000016949 15/07/2025 14/10/2018 Book - Borrowing